Superman Peter Šulej, Tradicionál - Ladiči, Dolný Kubín

Bibliographic Details
Format: Article
Language:Slovak
ISBN:808566612X
Subjects:

MARC

LEADER 00000nab a2200000 a 4500
001 vtls000719029
003 SK-MaSNL
005 20260302194931.0
008 160414s1998 xo 0 slo
015 |a SNBRH1998/03-00437 
035 |a CLN000071196 
040 |a SNKBUCL  |b slo  |c SNKBUCL  |e AACR2 
041 0 |a slo 
044 |a xo  |c SK 
080 |a 784.66.087.61  |2 1997 
080 |a 787.61  |2 1997 
245 0 0 |a Superman  |b Peter Šulej, Tradicionál - Ladiči, Dolný Kubín  |h hudobnina 
650 0 7 |a vokálna tvorba  |x piesne spoločenské  |x spev (gitara)  |2 snkbucl  |9 890192 
650 0 7 |a piesne spoločenské  |x spev (gitara)  |2 snkbucl  |9 890193 
773 0 |w SK01SNK19980293510  |z 808566612X  |t Kam nás piesne zanesú  |d Hladovka : Miroslav Jurči, 1998  |g S. 190-191 
850 |a Slovenská národná knižnica v Martine 
852 |a SNK  |b KIS3GCP 
924 |a spev (gitara) 
958 |a TL 
958 |a RZH 
999 |c 1450621  |d 1452551